[Event "II. Budapest Open"]
[Site ", "]
[Date "2012.08.23"]
[Round "6"]
[White "Gorog, Almos"]
[Black "Karacsonyi, Kata"]
[Result "1-0"]
[WhiteElo "1435"]
[BlackElo "1238"]
[PlyCount "105"]
[EventDate "2012.??.??"]

1. c4 Nf6 2. g3 Nc6 3. d4 e6 4. Nc3 d5 5. c5 e5 6. dxe5 Nxe5 7. Bf4 Ng6 8. Be3
Bf5 9. Bg2 c6 10. Nf3 Be7 11. h4 Bg4 12. Nd4 Bxc5 13. Nxc6 Qb6 14. Na4 Bb4+ 15.
Nxb4 Qxb4+ 16. Bd2 Qc4 17. b3 Qd4 18. Be3 Qe5 19. Qd4 Qd6 20. Rd1 O-O 21. Bxd5
Qa6 22. Nc3 Rad8 23. Qc4 Qa5 24. b4 Qa3 25. Qb3 Qa6 26. Bxf7+ Kh8 27. O-O Qc6
28. b5 Qc7 29. Bd5 Rd7 30. Bg5 Rfd8 31. Bxf6 gxf6 32. Rd4 Bh3 33. Rfd1 Ne7 34.
f4 Nxd5 35. Nxd5 Qd6 36. e4 Qe6 37. f5 Qf7 38. Qd3 Qg7 39. Qb3 Qg4 40. Qe3 Rf7
41. Nf4 Rg8 42. Rd8 Rff8 43. Ng6+ Kg7 44. R1d7+ Rf7 45. Rxf7+ Kxf7 46. Qb3+ Kg7
47. Rxg8+ Kh6 48. Qe3+ Kh5 49. Nf4+ Kh6 50. Ne6+ Kh5 51. Ng7+ Qxg7 52. Rxg7 Bg4
53. Rxh7# 1-0

[Event "II. Budapest Open"]
[Site ", "]
[Date "2012.08.23"]
[Round "6"]
[White "Novak, Levente Peter"]
[Black "Bella, Zsolt"]
[Result "0-1"]
[WhiteElo "1563"]
[BlackElo "1369"]
[PlyCount "119"]
[EventDate "2012.??.??"]

1. e4 g6 2. d4 d6 3. Nf3 Bg7 4. Nc3 Nc6 5. Bb5 Bd7 6. Bg5 Nf6 7. O-O O-O 8. Qe2
Nh5 9. Rad1 a6 10. Bc4 Na5 11. Nd5 Nf6 12. Rfe1 Nxc4 13. Qxc4 c6 14. Nc3 Rc8
15. Qd3 Ne8 16. Qd2 Bg4 17. Qd3 h6 18. Bh4 f6 19. h3 Bxf3 20. Qxf3 Qb6 21. b3
e5 22. d5 Qb4 23. Rd3 c5 24. Rde3 f5 25. exf5 Qxh4 26. Re4 Qg5 27. Rg4 Qd2 28.
Re2 Qc1+ 29. Kh2 Rxf5 30. Qg3 g5 31. Qd3 Rf4 32. Rg3 Nf6 33. Rge3 c4 34. Qd1
Qxd1 35. Nxd1 Nxd5 36. Rg3 cxb3 37. axb3 b5 38. Rd3 Rc5 39. c3 e4 40. Rg3 Be5
41. Kh1 a5 42. Rd2 Rxf2 43. Nxf2 e3 44. Rxd5 Bxg3 45. Rxc5 dxc5 46. Nd3 e2 47.
c4 bxc4 48. bxc4 e1=Q+ 49. Nxe1 Bxe1 50. Kg1 a4 51. Kf1 Bc3 52. Ke2 a3 53. Kd3
Bd4 54. Ke4 a2 55. Kf5 Kf7 56. g3 a1=Q 57. h4 Be3 58. hxg5 Bxg5 59. Ke4 Qd4+
60. Kf5 0-1

[Event "II. Budapest Open"]
[Site ", "]
[Date "2012.08.24"]
[Round "7"]
[White "Yip, Michael"]
[Black "Carvajal Gorgona, Jonathan"]
[Result "1/2-1/2"]
[WhiteElo "2072"]
[BlackElo "2153"]
[PlyCount "29"]
[EventDate "2012.??.??"]

1. Nf3 Nf6 2. c4 e6 3. Nc3 d5 4. d4 c6 5. cxd5 exd5 6. Bg5 Be7 7. Qc2 g6 8. e3
Bf5 9. Bd3 Bxd3 10. Qxd3 O-O 11. O-O Nbd7 12. Rab1 a5 13. Bxf6 Bxf6 14. Rfc1
Re8 15. Qc2 1/2-1/2

[Event "II. Budapest Open"]
[Site ", "]
[Date "2012.08.24"]
[Round "7"]
[White "To, Nhat Minh"]
[Black "Jacso, Adam"]
[Result "1/2-1/2"]
[WhiteElo "2287"]
[BlackElo "2224"]
[PlyCount "67"]
[EventDate "2012.??.??"]

1. e4 c5 2. Nf3 Nc6 3. d4 cxd4 4. Nxd4 Nf6 5. Nc3 e5 6. Ndb5 d6 7. Bg5 a6 8.
Na3 b5 9. Bxf6 gxf6 10. Nd5 f5 11. Bd3 Be6 12. c3 Bg7 13. Nc2 Bxd5 14. exd5 Ne7
15. O-O e4 16. Be2 O-O 17. Qd2 Ng6 18. f4 exf3 19. Bxf3 f4 20. Kh1 Qb6 21. a3
Rfe8 22. Bh5 Qc5 23. Nb4 Qe3 24. Rad1 Re5 25. Qxe3 fxe3 26. Be2 Re4 27. g3 Ne5
28. Rde1 a5 29. Nc2 Rb8 30. Rf4 Rxf4 31. gxf4 Ng6 32. Bf3 Nxf4 33. Rxe3 Be5 34.
Be4 1/2-1/2

[Event "II. Budapest Open"]
[Site ", "]
[Date "2012.08.24"]
[Round "7"]
[White "Nagy, Aron"]
[Black "Orosz, Andras"]
[Result "0-1"]
[WhiteElo "2091"]
[BlackElo "1948"]
[PlyCount "80"]
[EventDate "2012.??.??"]

1. d4 Nf6 2. Bf4 g6 3. e3 d6 4. h3 Bg7 5. Nf3 O-O 6. Be2 Nbd7 7. O-O Re8 8. c3
c6 9. Na3 d5 10. c4 a6 11. cxd5 Nxd5 12. Bg3 b5 13. Rc1 Bb7 14. Nb1 Qb6 15. Nc3
Nxc3 16. bxc3 e5 17. c4 exd4 18. exd4 Rac8 19. Qd2 Nf6 20. Be5 Nd7 21. Bxg7
Kxg7 22. Rfe1 Rcd8 23. Qf4 Nf8 24. c5 Qa5 25. Ne5 f5 26. Rcd1 Ne6 27. Qh4 Rxd4
28. f4 Qc7 29. g4 Qe7 30. g5 Kg8 31. Rxd4 Nxd4 32. Bd1 Qxc5 33. Kg2 Qd5+ 34.
Bf3 Nxf3 35. Nxf3 Re4 36. Kg1 c5 37. Qf2 b4 38. Rxe4 Qxe4 39. Qd2 Bd5 40. Ne5
Qh1+ 0-1

[Event "II. Budapest Open"]
[Site ", "]
[Date "2012.08.24"]
[Round "7"]
[White "Szepes, Tamas"]
[Black "Gubics, Peter"]
[Result "1-0"]
[WhiteElo "2227"]
[BlackElo "2149"]
[PlyCount "81"]
[EventDate "2012.??.??"]

1. d4 Nf6 2. c4 g6 3. Nc3 d5 4. Bf4 Bg7 5. e3 O-O 6. Nf3 c5 7. dxc5 Qa5 8. Rc1
dxc4 9. Bxc4 Qxc5 10. Bb3 Nc6 11. O-O Qa5 12. h3 Bf5 13. Qe2 Ne4 14. Nd5 e5 15.
Bh2 Be6 16. Qc4 Nd2 17. Nxd2 Qxd2 18. Qb5 a6 19. Qc5 Bxd5 20. Bxd5 Rac8 21. Rc2
Qd3 22. Rc3 Qf5 23. e4 Qd7 24. Qb6 Nd4 25. Rxc8 Rxc8 26. Qxb7 Qxb7 27. Bxb7 Rb8
28. Bxa6 Rxb2 29. Bc4 Ne2+ 30. Kh1 Nc3 31. f3 Nxa2 32. Ra1 Nb4 33. Ra8+ Bf8 34.
Bxe5 Rb1+ 35. Kh2 Rd1 36. Ra7 Bd6 37. Bxd6 Rxd6 38. Rxf7 Kh8 39. e5 Rc6 40. e6
Rc8 41. e7 1-0

[Event "II. Budapest Open"]
[Site ", "]
[Date "2012.08.24"]
[Round "7"]
[White "Berta, Sandor"]
[Black "Toth, Sarolta"]
[Result "0-1"]
[WhiteElo "1891"]
[BlackElo "2192"]
[PlyCount "100"]
[EventDate "2012.??.??"]

1. e4 e5 2. Nf3 Nc6 3. Bb5 Nf6 4. O-O Nxe4 5. d4 Nd6 6. Bxc6 dxc6 7. dxe5 Nf5
8. Qxd8+ Kxd8 9. b3 h6 10. Bb2 a5 11. Nbd2 Be6 12. Ne4 b6 13. Rad1+ Kc8 14. c4
a4 15. h3 axb3 16. axb3 Ra2 17. Bc3 h5 18. Nfg5 Be7 19. Ra1 Rxa1 20. Rxa1 Kb7
21. Kf1 Rd8 22. Nxe6 fxe6 23. Rb1 c5 24. Bd2 Rd4 25. f3 Bh4 26. Ke2 Rd8 27. Bg5
Bxg5 28. Nxg5 Nd4+ 29. Ke3 Kc6 30. Ne4 Ra8 31. Kf4 Ra2 32. g3 Ra3 33. Nd2 Ne2+
34. Kg5 Nxg3 35. Kh4 Ra2 36. Kxg3 Rxd2 37. Kf4 Rd3 38. Ke4 Rc3 39. h4 b5 40.
Kf4 bxc4 41. bxc4 Rxc4+ 42. Kg5 Rd4 43. Rc1 Kd5 44. Kxh5 c4 45. Kg6 Rxh4 46.
Kg5 Rd4 47. f4 Rd2 48. f5 Rg2+ 49. Kf4 Rf2+ 50. Ke3 Rxf5 0-1

[Event "II. Budapest Open"]
[Site ", "]
[Date "2012.08.24"]
[Round "7"]
[White "Farkas, Richard"]
[Black "Koczo, Kristof"]
[Result "1-0"]
[WhiteElo "2116"]
[BlackElo "2233"]
[PlyCount "55"]
[EventDate "2012.??.??"]

1. d4 d5 2. Bf4 Nf6 3. Nf3 Bf5 4. e3 e6 5. c4 Bxb1 6. Qa4+ Nc6 7. Rxb1 Bb4+ 8.
Kd1 O-O 9. c5 Ne4 10. Bg3 e5 11. Bb5 Bc3 12. Bxc6 bxc6 13. Kc2 Nxg3 14. hxg3 e4
15. Ne5 Qf6 16. Rhf1 Bxd4 17. exd4 Qf5 18. g4 Qg5 19. Qxc6 Rad8 20. Rbe1 Rfe8
21. f4 Qh4 22. Qxc7 Rf8 23. Re3 Qh2 24. Rf2 Qg1 25. Ree2 Qa1 26. Qa5 Rb8 27.
Qa3 Rb5 28. Nc6 1-0

[Event "II. Budapest Open"]
[Site ", "]
[Date "2012.08.24"]
[Round "7"]
[White "Kumala, Aleksander"]
[Black "Halak, Miklos"]
[Result "1/2-1/2"]
[WhiteElo "1963"]
[BlackElo "2137"]
[PlyCount "120"]
[EventDate "2012.??.??"]

1. e4 e5 2. Nc3 Nc6 3. Nf3 Nf6 4. a3 d5 5. exd5 Nxd5 6. Bb5 Nxc3 7. Bxc6+ bxc6
8. bxc3 e4 9. Qe2 Qe7 10. Nd4 c5 11. Nb3 Rb8 12. O-O Rb6 13. Re1 Re6 14. a4 Ba6
15. Qe3 Bc4 16. Rb1 Bxb3 17. Rxb3 Qd8 18. Rb7 Qa8 19. Rxc7 Bd6 20. Rxc5 Bxc5
21. Qxc5 Qc6 22. Qxc6+ Rxc6 23. Rxe4+ Re6 24. Rxe6+ fxe6 25. Kf1 a5 26. c4 Kd7
27. Bb2 Rc8 28. d3 g6 29. Bc3 Ra8 30. Ke2 Rb8 31. h4 Rb1 32. Bxa5 Ra1 33. Bd2
Rxa4 34. Be3 Ra2 35. Kd2 Kc6 36. d4 Ra8 37. Kd3 Kd6 38. c5+ Ke7 39. g4 Ra1 40.
Ke4 Ra3 41. Bg5+ Kd7 42. Ke5 Rc3 43. Kf6 Rxc2 44. Be3 Rc4 45. h5 gxh5 46. gxh5
Ra4 47. Kg7 Ke7 48. Bg5+ Ke8 49. Bf6 Ra7+ 50. Kh6 Rf7 51. Kg5 Kd7 52. f4 Rf8
53. f5 Rg8+ 54. Kh6 exf5 55. Kxh7 Rg4 56. d5 f4 57. Be5 Rg5 58. c6+ Kc8 59.
Bxf4 Rxh5+ 60. Kg6 Rxd5 1/2-1/2

[Event "II. Budapest Open"]
[Site ", "]
[Date "2012.08.24"]
[Round "7"]
[White "Bodrogi, Laszlo"]
[Black "Takacs, Kevin"]
[Result "1-0"]
[WhiteElo "2043"]
[BlackElo "1909"]
[PlyCount "47"]
[EventDate "2012.??.??"]

1. e4 c6 2. d4 d5 3. exd5 cxd5 4. c4 Nf6 5. Nc3 Nc6 6. Nf3 Bg4 7. cxd5 Nxd5 8.
Qb3 Bxf3 9. gxf3 Ndb4 10. Be3 Nxd4 11. Qa4+ Qd7 12. Qxd7+ Kxd7 13. O-O-O e5 14.
Bxd4 exd4 15. Rxd4+ Kc7 16. Bh3 Bc5 17. Rd7+ Kb8 18. a3 Nc6 19. Ne4 Be7 20. f4
Re8 21. f3 g6 22. Re1 Bh4 23. Re2 f5 24. Nd6 1-0

[Event "II. Budapest Open"]
[Site ", "]
[Date "2012.08.24"]
[Round "7"]
[White "Kozma, Gabor"]
[Black "Antal, Attila Dr"]
[Result "1/2-1/2"]
[WhiteElo "1959"]
[BlackElo "2062"]
[PlyCount "100"]
[EventDate "2012.??.??"]

1. e4 e5 2. Nf3 Nc6 3. Bb5 a6 4. Ba4 Nf6 5. O-O Be7 6. Re1 b5 7. Bb3 d6 8. h3
Na5 9. c3 Nxb3 10. Qxb3 Be6 11. Qc2 c5 12. d3 O-O 13. Nbd2 Ne8 14. Nf1 f5 15.
N1h2 f4 16. b3 Rc8 17. c4 b4 18. a3 a5 19. axb4 axb4 20. Bb2 g5 21. Ra7 Nc7 22.
Rea1 h5 23. Qd1 Qe8 24. Rb7 g4 25. hxg4 hxg4 26. Nxe5 dxe5 27. Nxg4 f3 28. gxf3
Bxg4 29. fxg4 Qf7 30. Qe2 Bd6 31. Kg2 Qg6 32. Rh1 Ne6 33. Bc1 Nf4+ 34. Bxf4
Rxf4 35. f3 Rf7 36. Rxf7 Kxf7 37. Qa2 Be7 38. Rh5 Qd6 39. Qa7 Rc7 40. Qa8 Bf8
41. Rf5+ Kg8 42. Qe8 Rh7 43. Rg5+ Rg7 44. Rf5 Qe7 45. Qh5 Qd8 46. Rxe5 Qxd3 47.
Re8 Qe2+ 48. Kg3 Qe1+ 49. Kg2 Qe2+ 50. Kg3 Qe1+ 1/2-1/2

[Event "II. Budapest Open"]
[Site ", "]
[Date "2012.08.24"]
[Round "7"]
[White "Kanarkiewicz, Michal"]
[Black "Kalmar, Karoly"]
[Result "1-0"]
[WhiteElo "2076"]
[BlackElo "1920"]
[PlyCount "41"]
[EventDate "2012.??.??"]

1. e4 c5 2. Nf3 e6 3. d4 cxd4 4. Nxd4 a6 5. Bd3 d6 6. Nc3 Nf6 7. O-O Be7 8. Kh1
O-O 9. f4 Nbd7 10. Qe1 Qc7 11. Qg3 Re8 12. Bd2 b5 13. a3 Bb7 14. Rae1 d5 15. e5
Ne4 16. Nxe4 dxe4 17. Bxe4 Rad8 18. Bxb7 Qxb7 19. f5 Bf8 20. Bh6 Nb6 21. Bxg7
1-0

[Event "II. Budapest Open"]
[Site ", "]
[Date "2012.08.24"]
[Round "7"]
[White "Balla, Attila"]
[Black "Palla, Akos Botond"]
[Result "0-1"]
[WhiteElo "1749"]
[BlackElo "2014"]
[PlyCount "48"]
[EventDate "2012.??.??"]

1. d4 d5 2. c4 e6 3. Nf3 Nf6 4. Nc3 c6 5. Bg5 h6 6. Bh4 dxc4 7. e4 b5 8. e5 g5
9. Nxg5 hxg5 10. Bxg5 Nbd7 11. exf6 Qb6 12. g3 c5 13. Bg2 cxd4 14. Bxa8 Bb7 15.
Bxb7 Qxb7 16. Kd2 dxc3+ 17. Kxc3 b4+ 18. Kc2 Qe4+ 19. Kc1 Nc5 20. Rb1 b3 21. a3
Nd3+ 22. Kd2 Nxf2 23. Qe2 Qd5+ 24. Kc3 Ne4+ 0-1

[Event "II. Budapest Open"]
[Site ", "]
[Date "2012.08.24"]
[Round "7"]
[White "Heyl, Thomas"]
[Black "Terbe, Julianna"]
[Result "1-0"]
[WhiteElo "2009"]
[BlackElo "1895"]
[PlyCount "145"]
[EventDate "2012.??.??"]

1. d4 Nf6 2. Nf3 g6 3. Nbd2 Bg7 4. e4 d6 5. c3 c5 6. dxc5 dxc5 7. Bb5+ Bd7 8.
Bxd7+ Nfxd7 9. O-O Nc6 10. Qe2 Qc7 11. Nc4 O-O 12. Bg5 a6 13. Rfd1 b5 14. Ne3
e6 15. Rd2 Nde5 16. Bf4 Nxf3+ 17. Qxf3 Qb6 18. Rd7 Ra7 19. Rxa7 Qxa7 20. Rd1
Rd8 21. Rxd8+ Nxd8 22. Bg5 Nc6 23. Ng4 Ne5 24. Nf6+ Kh8 25. Qf4 Qb8 26. h3 Nc6
27. Qh4 Bxf6 28. Bxf6+ Kg8 29. c4 bxc4 30. Qg5 e5 31. Qh6 Qf8 32. Qd2 h6 33.
Qd5 Nb4 34. Qxe5 Nxa2 35. Be7 Qe8 36. Qf6 Nc1 37. Bd6 Nd3 38. f3 Qb5 39. Qd8+
Kh7 40. Qf6 Qxb2 41. Qxf7+ Qg7 42. Qxc4 Qd4+ 43. Qxd4 cxd4 44. Kf1 Kg8 45. Ke2
Nc1+ 46. Kd2 Nb3+ 47. Kc2 Na5 48. Kd3 Kf7 49. Kxd4 Ke6 50. Bf4 g5 51. Be3 Nc6+
52. Kc3 Ke5 53. h4 gxh4 54. Bxh6 Ne7 55. Bg5 Ng6 56. Kb4 Kd4 57. Ka5 Kd3 58.
Kxa6 Ke2 59. f4 Kf2 60. f5 Ne5 61. Bxh4+ Kxg2 62. Bf6 Nf7 63. Bb2 Nd6 64. f6
Nxe4 65. f7 Nc5+ 66. Kb6 Ne6 67. Bf6 Nf8 68. Kc6 Kf3 69. Be7 Ng6 70. Kd6 Kg4
71. Ke6 Kf4 72. Kf6 Ne5 73. Bd6 1-0

[Event "II. Budapest Open"]
[Site ", "]
[Date "2012.08.24"]
[Round "7"]
[White "Shan, He Jia Rita"]
[Black "Ruck, Robert"]
[Result "1/2-1/2"]
[WhiteElo "1642"]
[BlackElo "2009"]
[PlyCount "56"]
[EventDate "2012.??.??"]

1. Nf3 Nf6 2. b3 e6 3. Bb2 b6 4. g3 Bb7 5. Bg2 c5 6. O-O Nc6 7. d3 d5 8. Nbd2
Be7 9. e3 O-O 10. c4 Qc7 11. cxd5 exd5 12. d4 Rfd8 13. a3 Rac8 14. Rc1 Ba6 15.
Re1 Ne4 16. Nxe4 dxe4 17. Nd2 f5 18. dxc5 bxc5 19. Bh3 Ne5 20. Bxe5 Qxe5 21.
Qc2 Bd3 22. Qc3 Qxc3 23. Rxc3 Bf6 24. Rxd3 Rxd3 25. Bxf5 Re8 26. Nxe4 Rxb3 27.
Nxc5 Rxa3 28. Ne4 Ra5 1/2-1/2

[Event "II. Budapest Open"]
[Site ", "]
[Date "2012.08.24"]
[Round "7"]
[White "Zsatkovics, Endre"]
[Black "Zoldy, Robert"]
[Result "0-1"]
[WhiteElo "1740"]
[BlackElo "1990"]
[PlyCount "102"]
[EventDate "2012.??.??"]

1. e4 e5 2. Nf3 Nc6 3. Bb5 a6 4. Bxc6 dxc6 5. O-O Qd6 6. d4 exd4 7. Qxd4 c5 8.
Qe5+ Be6 9. Bf4 O-O-O 10. Nc3 Qxe5 11. Bxe5 f6 12. Bg3 c6 13. Rfd1 Be7 14.
Rxd8+ Bxd8 15. Bd6 Be7 16. Rd1 b6 17. Na4 Kb7 18. Bxe7 Nxe7 19. Rd6 Bc8 20. Kf1
Kc7 21. Rd2 Ng6 22. c4 h5 23. Nc3 Be6 24. b3 Nf4 25. g3 Bh3+ 26. Kg1 Ne6 27.
Ne2 g5 28. Kh1 Bg4 29. Kg2 h4 30. h3 Bh5 31. g4 Bg6 32. e5 f5 33. Rd6 fxg4 34.
hxg4 Bf7 35. Kh3 Rd8 36. Rxd8 Kxd8 37. Nd2 Bg6 38. Kg2 Nd4 39. Nc3 Ke7 40. Nde4
Bxe4+ 41. Nxe4 Ne6 42. Kf3 b5 43. Ke3 a5 44. Nd6 Nd4 45. Ne4 h3 46. Ng3 h2 47.
Nh1 Ke6 48. Ke4 Nxb3 49. cxb5 cxb5 50. Ng3 Nd4 51. f4 gxf4 0-1

[Event "II. Budapest Open"]
[Site ", "]
[Date "2012.08.24"]
[Round "7"]
[White "Bellan, Istvan"]
[Black "Karacsonyi, Gellert"]
[Result "0-1"]
[WhiteElo "1938"]
[BlackElo "1461"]
[PlyCount "32"]
[EventDate "2012.??.??"]

1. e4 e6 2. d4 d5 3. Nc3 Bb4 4. e5 c5 5. Qg4 Ne7 6. dxc5 Bxc3+ 7. bxc3 Qa5 8.
Bd2 Nbc6 9. Nf3 Ng6 10. Qg3 Bd7 11. Bd3 Qxc5 12. O-O Rc8 13. h4 d4 14. cxd4
Nxd4 15. Nxd4 Qxd4 16. Rfe1 Qxh4 0-1

[Event "II. Budapest Open"]
[Site ", "]
[Date "2012.08.24"]
[Round "7"]
[White "Dal Bianco, Nicola"]
[Black "Di Giovanni, Vilmos"]
[Result "1-0"]
[WhiteElo "1705"]
[BlackElo "1838"]
[PlyCount "39"]
[EventDate "2012.??.??"]

1. c4 f5 2. d4 Nf6 3. Nc3 e6 4. Nf3 Be7 5. g3 c6 6. Bg2 d5 7. cxd5 cxd5 8. O-O
O-O 9. Bf4 Nc6 10. Nb5 a6 11. Nc7 Ra7 12. Ng5 Bd6 13. Ncxe6 Qe7 14. Bxd6 Qxd6
15. Nxf8 Qxf8 16. e3 b5 17. Rc1 Re7 18. Nh3 g6 19. Nf4 Kg7 20. Qb3 1-0

[Event "II. Budapest Open"]
[Site ", "]
[Date "2012.08.24"]
[Round "7"]
[White "Furedi, Erik"]
[Black "Lakat, Gyula"]
[Result "0-1"]
[WhiteElo "1732"]
[BlackElo "1896"]
[PlyCount "148"]
[EventDate "2012.??.??"]

1. e4 d6 2. d4 Nf6 3. Bd3 g6 4. h3 Bg7 5. c4 Nbd7 6. Nf3 c5 7. d5 a6 8. Nc3 O-O
9. O-O h6 10. Be3 Re8 11. Qd2 Kh7 12. a3 Ng8 13. b4 b6 14. Rab1 e6 15. Bf4 e5
16. Be3 f6 17. Ne1 g5 18. g4 Ne7 19. Ne2 Ng6 20. Ng3 Nf4 21. Bxf4 exf4 22. Nf5
Ne5 23. bxc5 Bxf5 24. exf5 bxc5 25. f3 Rb8 26. Rb2 Rxb2 27. Qxb2 Qc7 28. Qc3
Rb8 29. Rf2 Qb6 30. Rc2 Qb3 31. Kf1 Bf8 32. Kg1 Be7 33. Be2 Qxc3 34. Rxc3 Rb1
35. Kf2 Bd8 36. Nd3 Ba5 37. Rc2 Nxd3+ 38. Bxd3 Rb3 39. Bf1 Rxa3 40. Re2 Bc3 41.
Re7+ Kg8 42. Rd7 Ra2+ 43. Be2 Be5 44. Ke1 a5 45. Kd1 a4 46. Bd3 a3 47. Ra7 Ra1+
48. Kc2 a2 49. Be4 Kf8 50. Bd3 Ke8 51. Be4 Kd8 52. Bd3 Kc8 53. Be4 Kb8 54. Ra3
Kc7 55. Bd3 Rh1 56. Rxa2 Rxh3 57. Be4 h5 58. gxh5 Rxh5 59. Ra7+ Kb6 60. Ra2 Rh1
61. Kd3 Rg1 62. Ra4 g4 63. fxg4 Rxg4 64. Bf3 Rg1 65. Ra2 Rf1 66. Bg2 Rd1+ 67.
Rd2 Ra1 68. Rc2 Ra3+ 69. Ke2 Re3+ 70. Kd2 Bd4 71. Bf1 f3 72. Rc1 Rb3 73. Bd3
Ka5 74. Ra1+ Bxa1 0-1

[Event "II. Budapest Open"]
[Site ", "]
[Date "2012.08.24"]
[Round "7"]
[White "Medve, Mark"]
[Black "Czimer, Jozsef"]
[Result "1/2-1/2"]
[WhiteElo "1979"]
[BlackElo "1791"]
[PlyCount "55"]
[EventDate "2012.??.??"]

1. d4 d5 2. c4 e6 3. Nf3 Nf6 4. cxd5 exd5 5. Bg5 Be7 6. Qc2 c6 7. e3 Ne4 8.
Bxe7 Qxe7 9. Nc3 Bf5 10. Bd3 Nd7 11. O-O O-O 12. Rab1 Bg6 13. b4 Nxc3 14. Qxc3
Bxd3 15. Qxd3 a6 16. a4 Nb6 17. b5 axb5 18. axb5 Nc4 19. bxc6 bxc6 20. Rb3 g6
21. Rfb1 Ra3 22. Rxa3 Nxa3 23. Rb6 Nc4 24. Rxc6 Ra8 25. h4 Ra1+ 26. Kh2 Ra2 27.
Kg3 Nd6 28. Rc2 1/2-1/2

[Event "II. Budapest Open"]
[Site ", "]
[Date "2012.08.24"]
[Round "7"]
[White "Szonyi, Bence"]
[Black "Mihaly, Zoltan"]
[Result "1/2-1/2"]
[WhiteElo "1614"]
[BlackElo "1756"]
[PlyCount "135"]
[EventDate "2012.??.??"]

1. e4 c5 2. Nf3 g6 3. c3 Bg7 4. d4 cxd4 5. cxd4 d6 6. Bb5+ Bd7 7. Bxd7+ Qxd7 8.
O-O Nc6 9. Nc3 Nf6 10. d5 Na5 11. e5 Ng4 12. exd6 O-O 13. dxe7 Qxe7 14. Qa4
Nxf2 15. Kxf2 b6 16. Qe4 Qc7 17. Bf4 Qc5+ 18. Be3 Qd6 19. Qf4 Qd7 20. Bd4 f6
21. Rfe1 Nc4 22. b3 Nd6 23. Re6 Nf5 24. g4 Nxd4 25. Nxd4 Rac8 26. Rc6 Ra8 27.
Ne6 f5 28. Qc7 fxg4+ 29. Kg2 Qxc7 30. Rxc7 Be5 31. Nxf8 Bxc7 32. Ne6 Be5 33.
Rc1 Kf7 34. Ne4 Ke7 35. a4 a5 36. Rc4 Rb8 37. Nd4 Bxd4 38. Rxd4 b5 39. d6+ Kd8
40. Nf6 bxa4 41. bxa4 Rb4 42. Re4 Rxe4 43. Nxe4 Kd7 44. Kg3 h5 45. h3 gxh3 46.
Kxh3 Ke6 47. Kh4 Kd7 48. Kg5 Ke6 49. Kxg6 h4 50. d7 Kxd7 51. Kf6 h3 52. Ke5 Kc6
53. Kd4 h2 54. Nf2 Kd6 55. Nh1 Kc6 56. Kc4 Kb6 57. Kd5 Kb7 58. Kc5 Ka6 59. Kc6
Ka7 60. Kb5 Kb7 61. Kxa5 Ka7 62. Kb5 Kb7 63. a5 Ka7 64. a6 Ka8 65. Kb6 Kb8 66.
Ng3 Ka8 67. a7 h1=Q 68. Nxh1 1/2-1/2

[Event "II. Budapest Open"]
[Site ", "]
[Date "2012.08.24"]
[Round "7"]
[White "Czegledi, Barna Jr"]
[Black "Szlenka, Attila"]
[Result "1/2-1/2"]
[WhiteElo "1799"]
[BlackElo "1736"]
[PlyCount "73"]
[EventDate "2012.??.??"]

1. d4 Nf6 2. c4 g6 3. Nc3 Bg7 4. e4 d6 5. Nge2 O-O 6. Ng3 e5 7. d5 Nbd7 8. Be2
Nc5 9. b4 Ncd7 10. Be3 a5 11. a3 Ne8 12. O-O c6 13. Qd2 f5 14. exf5 gxf5 15. f4
e4 16. Bd4 Bxd4+ 17. Qxd4 Qf6 18. Qd2 c5 19. Rad1 axb4 20. axb4 cxb4 21. Nb5 b3
22. Qb4 Nc5 23. Nd4 Nc7 24. Nh5 Qe7 25. Ra1 Bd7 26. Nxb3 N7a6 27. Qc3 Nxb3 28.
Qxb3 Be8 29. Ng3 Bg6 30. Rfb1 Nc5 31. Qb2 Qg7 32. Qxg7+ Kxg7 33. Kf2 Kf6 34.
Ke3 Ke7 35. Nf1 Kd7 36. Nd2 Kc7 37. Bd1 1/2-1/2

[Event "II. Budapest Open"]
[Site ", "]
[Date "2012.08.24"]
[Round "7"]
[White "Indig, Akos"]
[Black "Terbe, Zsuzsanna"]
[Result "1/2-1/2"]
[WhiteElo "1349"]
[BlackElo "1748"]
[PlyCount "45"]
[EventDate "2012.??.??"]

1. e4 e6 2. d4 b6 3. Nc3 Bb7 4. f4 Bb4 5. Bd3 f5 6. Qe2 Nf6 7. exf5 Qe7 8. fxe6
Bxc3+ 9. bxc3 Qxe6 10. Qxe6+ dxe6 11. Ne2 O-O 12. O-O Nbd7 13. Bc4 Nd5 14. Ng3
Rae8 15. Bd2 Kh8 16. Rae1 N7f6 17. f5 exf5 18. Rxe8 Rxe8 19. Rxf5 h6 20. Bxd5
Bxd5 21. a3 Kh7 22. Nh5 Nxh5 23. Rxh5 1/2-1/2

[Event "II. Budapest Open"]
[Site ", "]
[Date "2012.08.24"]
[Round "7"]
[White "Szurkos, Andras"]
[Black "Szalai, Krisztian"]
[Result "1-0"]
[WhiteElo "1783"]
[BlackElo "1710"]
[PlyCount "59"]
[EventDate "2012.??.??"]

1. e4 d6 2. d4 Nf6 3. Nc3 g6 4. f4 Bg7 5. e5 Nfd7 6. Nf3 dxe5 7. fxe5 Nb6 8.
Bb5+ Bd7 9. O-O O-O 10. Bd3 Bg4 11. Be3 Nc6 12. Be4 Nc4 13. Bf2 Qd7 14. b3 Nb6
15. Ne2 f6 16. d5 Bxf3 17. Bxf3 Nxe5 18. Nf4 Nxf3+ 19. Qxf3 Rfe8 20. Rad1 Qf5
21. c4 Nd7 22. Qe3 Nf8 23. Bg3 Qd7 24. Ne6 c6 25. Nc7 e6 26. Nxa8 exd5 27. Qxa7
Bh6 28. Bf2 Re7 29. Nb6 Qf5 30. Bc5 1-0

[Event "II. Budapest Open"]
[Site ", "]
[Date "2012.08.24"]
[Round "7"]
[White "Devald, Peter"]
[Black "Schatzer, Andras"]
[Result "1-0"]
[WhiteElo "1563"]
[BlackElo "1729"]
[PlyCount "51"]
[EventDate "2012.??.??"]

1. e4 c5 2. Nf3 Nc6 3. d4 cxd4 4. Nxd4 g6 5. Nc3 Bg7 6. Be3 Nf6 7. Bc4 Qa5 8.
f3 Qb4 9. Bb3 Nxe4 10. fxe4 Bxd4 11. Bxd4 Qxd4 12. Qxd4 Nxd4 13. O-O Nxb3 14.
axb3 O-O 15. Nd5 e6 16. Nb6 Rb8 17. Rxa7 f5 18. e5 Rd8 19. Rd1 d5 20. exd6 Bd7
21. c4 Bc6 22. b4 e5 23. b5 Bd7 24. Nxd7 Rxd7 25. c5 Rc8 26. c6 1-0

[Event "II. Budapest Open"]
[Site ", "]
[Date "2012.08.24"]
[Round "7"]
[White "Bolgar, Janka"]
[Black "Zahonyi Abel, Mark"]
[Result "0-1"]
[WhiteElo "1398"]
[BlackElo "1815"]
[PlyCount "102"]
[EventDate "2012.??.??"]

1. e4 d5 2. exd5 Qxd5 3. Nc3 Qa5 4. d3 c6 5. Nf3 Bg4 6. h3 Bh5 7. Be2 Nf6 8.
Bd2 Nbd7 9. Ne4 Qc7 10. Nxf6+ Nxf6 11. c3 e6 12. d4 Bd6 13. Qc2 Bg6 14. Bd3
Bxd3 15. Qxd3 h6 16. c4 O-O 17. O-O Rad8 18. Qe3 c5 19. dxc5 Bxc5 20. Qb3 Rd7
21. Bc3 Ne4 22. Bb4 Rfd8 23. Bxc5 Qxc5 24. Rae1 Nf6 25. Ne5 Rc7 26. Qe3 Qxe3
27. Rxe3 Rd2 28. Rb3 Ne4 29. f3 Nc5 30. Rb5 f6 31. Ng4 Nd3 32. b3 Rxa2 33. Rd1
Nf4 34. Ne3 Kf7 35. Rd8 Re2 36. Ng4 Rxg2+ 37. Kf1 Rg3 38. Kf2 Rxh3 39. Rb8 b6
40. Rd8 Rh5 41. Rb4 Ra5 42. Ne3 Ke7 43. Rd2 Rd7 44. Rxd7+ Kxd7 45. c5 Nd3+ 46.
Ke2 Nxb4 47. cxb6 axb6 48. Nc4 Ra2+ 49. Kd1 b5 50. Nb6+ Kc6 51. Nc8 Kd5 0-1

[Event "II. Budapest Open"]
[Site ", "]
[Date "2012.08.24"]
[Round "7"]
[White "Nebenfuhrer, Gyorgy"]
[Black "Devald, Tamas"]
[Result "1-0"]
[WhiteElo "1689"]
[BlackElo "1422"]
[PlyCount "81"]
[EventDate "2012.??.??"]

1. Nf3 Nf6 2. c4 e6 3. d4 Bb4+ 4. Bd2 Bxd2+ 5. Nbxd2 O-O 6. e4 d6 7. Be2 b6 8.
O-O Bb7 9. Qc2 Nc6 10. Rad1 Nb4 11. Qb1 Nc6 12. b4 Ne7 13. Ng5 h6 14. e5 hxg5
15. exf6 gxf6 16. Ne4 Bxe4 17. Qxe4 Ng6 18. g3 f5 19. Qg2 Qf6 20. Bf3 Rab8 21.
a4 g4 22. Be2 Qg5 23. f4 Qh6 24. Bd3 Rfe8 25. Kf2 Ne7 26. Rh1 Qf6 27. Bc2 d5
28. h3 gxh3 29. Qxh3 Ng6 30. cxd5 exd5 31. Bxf5 Qh8 32. Qg4 Qg7 33. Rh5 Rbd8
34. Rg5 Rd6 35. Bc2 Ree6 36. f5 Rf6 37. Kg2 Rc6 38. Bb1 Kf8 39. fxg6 fxg6 40.
Qc8+ Ke7 41. Rxd5 1-0